000
00201 a2200097 4500
001
10459
100
_a
Brown, H G W
245
_a
War memories unity
260
_a
_b
Weidenfeld
_c
090
_c
8084
_d
8084
942
_a
NUST-CAE
_c
M
_c
34805
999
_c
245532
_d
245532